000
00331nam a2200121 a 4500
005
20140414131909.0
008
101006s19uu xx 00 eng d
050
_a
ER
_b
Sp6 2003
100
_a
Boczkowski, Tricia
245
_a
Spongebob Squarepants.
260
_a
New York :
_b
Simon spotlight / Nickelodeon,
_c
2003.
999
_c
111112
_d
111112